| 000 | 00519nam a22002057a 4500 | ||
|---|---|---|---|
| 003 | OSt | ||
| 005 | 20170301153754.0 | ||
| 008 | 170301b xxu||||| |||| 00| 0 eng d | ||
| 020 | _a9780738200569 | ||
| 020 | _a0738200565 | ||
| 040 | _cDDC. | ||
| 082 | _a537.6CLA 1998. | ||
| 100 |
_aSchwinger,Julian; _911725 |
||
| 245 | _aClassical Electrodynamics. | ||
| 260 |
_aUS. _bWestview Press. _c1998. |
||
| 300 |
_axxii,569p; _bill. _c25cm. |
||
| 504 | _aincludes index. | ||
| 650 |
_aphysics. _9809 |
||
| 942 |
_2ddc _cO_SHELF |
||
| 999 |
_c5614 _d5614 |
||